000 00252nam a2200109Ia 4500
008 190913s9999||||xx |||||||||||||| ||und||
100 _aZeeshan Ul Hassan
245 0 _aKassak
260 _aLahore
_bIrfan Publisher
_c1997
300 _a498
942 _cBK
999 _c8053
_d8053